000 00681nam a2200289Ia 4500
005 20260324150522.0
008 008 260324s9999 xx 000 0 eng d
020 _a9781315017860
037 _aEBOOK
040 _aCRL
040 _beng
040 _cCRL
041 _2eng
041 _aeng
084 _qCRL
100 _aCyril S. Belshaw
_91191595
245 0 _aUnder the Ivi Tree
245 0 _bSociety and economic growth in rural Fiji
260 _bTaylor and Francis
260 _c1964
365 _a
365 _b300
856 _uhttp://www.taylorfrancis.com/books/9781315017860
942 _cEBOOK
999 _c1836275
_d1836275